Music Quiz

Random Music or Bands Quiz

Supergroups by Associated Bands Quiz Stats

 Plays Quiz Updated Aug 6, 2016

Challenge
Share
Tweet
Embed
Score 0/18 Timer 04:00
19 Plays Today
% Correct
Foo Fighters
76.3%
Traveling Wilburys
71.9%
The Highwaymen
68%
Audioslave
66.7%
Velvet Revolver
65.3%
Crosby, Stills, Nash, & Young
56.9%
Temple of the Dog
55.3%
Them Crooked Vultures
50%
Heaven and Hell
48.7%
% Correct
Cream
43.7%
Chickenfoot
42.9%
A Perfect Circle
42.7%
Asia
39.8%
Bad Company
38.9%
Derek and the Dominos
35.7%
Blind Faith
35.6%
The Dead Weather
35.1%
Journey
25.6%

You're not logged in!

Compare scores with friends on all Sporcle quizzes.
Join for Free
OR
Log In

You Might Also Like...

Show Comments

Extras

Top Quizzes Today


Score Distribution

Your Account Isn't Verified!

In order to create a playlist on Sporcle, you need to verify the email address you used during registration. Go to your Sporcle Settings to finish the process.

Report this User

Report this user for behavior that violates our Community Guidelines.

Details: